01061nam a2200169Ia 4500001001300000003001000013008004100023040002500064041000700089100002200096245006400118250001100182260002900193300001200222500064500234650001200879b7210-53401 IT-MiCISF161014s9999||||xx |||||||||||||| ||und|| aIT-MiCISFcIT-MiCISF ait aKampowski Stephan 0aRicordati della nascitabL'uomo in ricerca di un fondamento a1a ed. a SienabCantagallic2013 app. 218 aPrefazione di Grygiel S. / persona, nascita, etica, filosofia, amore, teologia, embrione / Ricordare la nascita vuol dire ricordare il fatto che sin dal principio siamo esseri dipendenti e relazionali e che l'esistenza è un dono che abbiamo ricevuto gratuitamente. L'inizio, come diceva Aristotele, è già la metà del tutto, e contiene in sé una forza che occorre riapprezzare e recuperare. Secondo l'A., infatti, essa è principio di guida e di interpretazione di tutto ciò che segue, nella vita dell'individuo, nella vita sociale ed anche nel dibattito sulle biotecnologie, a cui il volume dedica il terzo conclusivo capitolo. apersona